Statistics for Fortnite Max Tier Skins

Click here to take the quiz!

General Stats

  • This quiz has been taken 160 times
    (115 since last reset)
  • The average score is 11 of 20

Answer Stats

SeasonAnswer% Correct
Season 2Black Knight
94%
Season 4Omega
87%
Season 3The Reaper
82%
Season 2 Chapter 2Midas
81%
Season 7`The Ice King
80%
Season 5Ragnarok
75%
Season 6Dire
61%
Season 8Luxe
54%
Season 1 Chapter 3Spider-Man
52%
Season 4 Chapter 2Tony Stark
51%
Season 7 Chapter 2Rick Sanchez
44%
Season XUltima Knight
42%
Season 1 Chapter 2Fusion
40%
Season 9Vendetta
40%
Season 3 Chapter 3Darth Vader
36%
Season 3 Chapter 2Eternal Knight
35%
Season 2 Chapter 3Doctor Strange
33%
Season 8 Chapter 2Carnage
31%
Season 6 Chapter 2Spire Assassin
27%
Season 5 Chapter 2Menace
23%

Score Distribution

Percentile by Number Answered

Percent of People with Each Score

Your Score History

You have not taken this quiz since the last reset